[Event "Superettan(Vasteras II-Kristallen)"]
[Site "?"]
[Date "2022.04.09"]
[Round "7"]
[White "Persson, Andreas"]
[Black "Stanley, Mikael"]
[Result "1/2-1/2"]
[WhiteElo "2117"]
[BlackElo "2190"]
[PlyCount "69"]

1. d4 Nf6 2. Nf3 g6 3. g3 Bg7 4. Bg2 O-O 5. O-O d6 6. b3 c5 7. Bb2 cxd4 8. Nxd4
d5 9. c4 dxc4 10. bxc4 Nbd7 11. Nd2 a6 12. N2b3 Qc7 13. Qc1 Rb8 14. c5 Re8 15.
c6 Nb6 16. cxb7 Qxc1 17. Raxc1 Bxb7 18. Nc6 Bxc6 19. Bxc6 Red8 20. Be5 Rbc8 21.
Bb7 Rxc1 22. Rxc1 Nfd5 23. Bxg7 Kxg7 24. Rd1 Rd6 25. a4 Nb4 26. Rxd6 exd6 27.
a5 Nc4 28. f4 Kf6 29. Kf2 Ke7 30. Kf3 d5 31. e4 dxe4+ 32. Bxe4 Kd6 33. Ke2 Nc6
34. Bd3 N4xa5 35. Nxa5 1/2-1/2

[Event "Superettan(Burgsvik-Helsingborg)"]
[Site "?"]
[Date "2022.04.09"]
[Round "7"]
[White "Larsson, Victor"]
[Black "Olsson, Fredric"]
[Result "1-0"]
[WhiteElo "2193"]
[BlackElo "2101"]
[PlyCount "57"]
[EventDate "2022.??.??"]

1. d4 Nf6 2. c4 e6 3. Nf3 d5 4. g3 dxc4 5. Bg2 a6 6. O-O Nc6 7. Na3 Rb8 8. Nxc4
Be7 9. b3 O-O 10. Bb2 Bd7 11. Rc1 b5 12. Nce5 Nxe5 13. Nxe5 Nd5 14. e4 Nb6 15.
Qe2 b4 16. Qxa6 Ra8 17. Qb7 Bb5 18. Nc6 Bxc6 19. Rxc6 Rxa2 20. Rb1 e5 21. Rxc7
Nc8 22. Rd7 Qa5 23. Bf1 exd4 24. Bxd4 Rd2 25. e5 Rxd4 26. Rxd4 Bc5 27. Rf4 g5
28. Rf3 f5 29. exf6 1-0

[Event "Superettan(Vasteras II-Kristallen)"]
[Site "?"]
[Date "2022.04.09"]
[Round "7"]
[White "Landgren, Andreas"]
[Black "Andersson, Goran L"]
[Result "1/2-1/2"]
[WhiteElo "2195"]
[BlackElo "2246"]
[PlyCount "50"]

1. d4 d5 2. c4 e6 3. Nf3 Nf6 4. Nc3 Bb4 5. cxd5 exd5 6. Bg5 h6 7. Bh4 Nbd7 8.
Qc2 c5 9. e3 Qa5 10. Bd3 O-O 11. O-O Re8 12. dxc5 Bxc3 13. bxc3 g5 14. Bg3 Nxc5
15. c4 Nxd3 16. Qxd3 Qa6 17. Rfc1 dxc4 18. Qxc4 Qxc4 19. Rxc4 Be6 20. Rc7 Bd5
21. Nd4 Ne4 22. Nf5 Be6 23. Nd4 Bd5 24. Nf5 Be6 25. Nd4 Bd5 1/2-1/2

[Event "Superettan(Burgsvik-Helsingborg)"]
[Site "?"]
[Date "2022.04.09"]
[Round "7"]
[White "Rothman, Peter"]
[Black "Tuvesson, Mats"]
[Result "1-0"]
[WhiteElo "2124"]
[BlackElo "2071"]
[PlyCount "59"]

1. d4 Nf6 2. Nf3 c5 3. d5 d6 4. c4 b5 5. Qc2 bxc4 6. e4 g6 7. Bxc4 Bg7 8. O-O
O-O 9. h3 Ba6 10. Na3 Nfd7 11. Bd2 Nb6 12. Bxa6 Nxa6 13. Bc3 Nc7 14. Bxg7 Kxg7
15. Nc4 Nxc4 16. Qxc4 Rb8 17. a3 Qd7 18. Rab1 Qb5 19. Qc3+ Kg8 20. b4 Na6 21.
Qe3 cxb4 22. axb4 Nxb4 23. Qxa7 Rb7 24. Qe3 Rfb8 25. Qh6 f6 26. Nd4 Qe8 27. Ne6
Qf7 28. Rb3 Nc6 29. Rxb7 Rxb7 30. dxc6 1-0

[Event "Superettan(Vasteras II-Kristallen)"]
[Site "?"]
[Date "2022.04.09"]
[Round "7"]
[White "Subramanian, Aditya"]
[Black "Patzelt, Nikolaus"]
[Result "0-1"]
[WhiteElo "2181"]
[BlackElo "2113"]
[PlyCount "150"]

1. Nf3 d5 2. d4 Nf6 3. c4 c6 4. e3 Bg4 5. h3 Bxf3 6. Qxf3 e6 7. Nc3 Nbd7 8.
cxd5 cxd5 9. Bd3 Rc8 10. O-O Bb4 11. Bd2 O-O 12. a3 Be7 13. e4 dxe4 14. Nxe4
Qb6 15. Nc3 Rfd8 16. Rfd1 Nf8 17. Na4 Qxd4 18. Bb4 Bxb4 19. Bxh7+ N8xh7 20.
Rxd4 Rxd4 21. axb4 Rxb4 22. Qa3 Nd5 23. Nc3 Nhf6 24. Nxd5 Nxd5 25. Rd1 a5 26.
Rd2 b6 27. g3 Rc1+ 28. Kg2 Rcc4 29. Qf3 g6 30. h4 Rc5 31. Kf1 Rc1+ 32. Kg2 Rc5
33. Kh2 Rbc4 34. Qe2 Rc1 35. Qe5 R1c2 36. Rxc2 Rxc2 37. Kg1 Rc1+ 38. Kg2 Rc2
39. Kf3 Rc5 40. Qd4 Rb5 41. Kg2 Rb4 42. Qe5 a4 43. Kh3 Rb3 44. Kh2 Rb4 45. Kh3
b5 46. Kg2 Kh7 47. Kf1 Rc4 48. Qb8 Kg7 49. Qxb5 Rb4 50. Qc5 Kg8 51. Qc8+ Kg7
52. Qc1 Rb3 53. Kg2 Kg8 54. g4 Rb4 55. Kg3 Rb3+ 56. f3 Rb4 57. h5 gxh5 58. Qg5+
Kh7 59. gxh5 Rb8 60. Qe5 Rg8+ 61. Kf2 Kh6 62. f4 Kh7 63. Qe4+ Kh6 64. Qe5 Kh7
65. Qe4+ Kh6 66. f5 Nf6 67. Qf4+ Kxh5 68. fxe6 Ng4+ 69. Kf3 fxe6 70. Qxa4 Nf6
71. Qc6 Re8 72. b4 Kg6 73. b5 Kf7 74. b6 Ke7 75. Qc5+ Kf7 0-1

[Event "Superettan(Burgsvik-Helsingborg)"]
[Site "?"]
[Date "2022.04.09"]
[Round "7"]
[White "Akerman, Emil"]
[Black "Jonsson, Filip"]
[Result "0-1"]
[WhiteElo "1924"]
[BlackElo "1970"]
[PlyCount "86"]
[SourceDate "2022.05.12"]

1. c4 e6 2. g3 Nf6 3. Bg2 d5 4. cxd5 exd5 5. Nf3 Be7 6. Nc3 O-O 7. d4 c6 8. O-O
Bf5 9. Re1 h6 10. Qb3 Qb6 11. Qxb6 axb6 12. Ne5 Re8 13. a3 Bf8 14. Bf4 b5 15.
b4 Nbd7 16. f3 Nb6 17. e4 Bh7 18. g4 Ra7 19. Ra2 Rea8 20. Rea1 Na4 21. Nxa4
Rxa4 22. g5 hxg5 23. Bxg5 Bxb4 24. Bxf6 gxf6 25. Nd7 Bc3 26. Rd1 Bxd4+ 27. Kf1
Rd8 28. Rad2 Bc3 29. Rc2 Rxa3 30. Bh3 f5 31. Rg2+ Kh8 32. Nc5 b6 33. Nb7 Rd7
34. exd5 cxd5 35. Rg5 Bf6 36. Rh5 Kg7 37. Ke2 Bg6 38. Rg1 Rxb7 39. Bxf5 Re7+
40. Kd2 Re5 41. f4 Ra2+ 42. Kd3 Ree2 43. Bxg6 Rad2# 0-1

[Event "Superettan(Vasteras II-Kristallen)"]
[Site "?"]
[Date "2022.04.09"]
[Round "7"]
[White "Magnusson, Karl"]
[Black "Lindfors, Tom"]
[Result "1-0"]
[WhiteElo "2121"]
[BlackElo "2091"]
[PlyCount "93"]

1. d4 Nf6 2. Bg5 Ne4 3. h4 h6 4. Bf4 d5 5. Nd2 Bf5 6. Nxe4 Bxe4 7. f3 Bf5 8. e3
e6 9. Bd3 Bd6 10. Ne2 Nc6 11. Bxf5 exf5 12. c3 Qe7 13. Qd3 Bxf4 14. Nxf4 Qd7
15. Qb5 Rd8 16. b3 b6 17. Rc1 Na5 18. Qd3 O-O 19. Kf2 Rfe8 20. h5 c6 21. Rce1
b5 22. Rhg1 Nb7 23. g4 Nd6 24. g5 Kh8 25. Rg3 Rg8 26. Reg1 Qe7 27. Qd2 hxg5 28.
Rxg5 Qf6 29. Ng6+ Kh7 30. Ne5 Rde8 31. Kf1 Rxe5 32. dxe5 Qxe5 33. Qd4 Qxd4 34.
cxd4 f6 35. R5g2 Nf7 36. Rc2 Rc8 37. Kf2 Nd8 38. Rgc1 Rc7 39. Kg3 g6 40. hxg6+
Kxg6 41. Rh2 Nf7 42. Rg1 Ng5 43. f4 Ne6 44. Kf3+ Kf7 45. Rh7+ Kf8 46. Rxc7 Nxc7
47. Rc1 1-0

[Event "Superettan(Kristallen-Schack 08)"]
[Site "?"]
[Date "2022.04.03"]
[Round "9"]
[White "Laveryd, Peter"]
[Black "Lindh, Fredrik"]
[Result "1-0"]
[WhiteElo "2360"]
[BlackElo "2303"]
[PlyCount "55"]

1. e4 c5 2. Nc3 Nc6 3. f4 e6 4. g3 d5 5. d3 dxe4 6. dxe4 Qxd1+ 7. Nxd1 b6 8. c3
Bb7 9. Nf2 O-O-O 10. Nf3 Nf6 11. Bg2 h6 12. O-O Be7 13. Re1 Nd7 14. Bf1 g5 15.
e5 gxf4 16. Bxf4 Nf8 17. Ng4 Ng6 18. Bxh6 Nb4 19. Ng5 Nc2 20. Nxf7 Nxa1 21.
Nxh8 Rxh8 22. Bd3 Nh4 23. gxh4 Bxh4 24. Rf1 Bd5 25. c4 Bc6 26. h3 Rd8 27. Bg6
Rd4 28. b3 1-0

[Event "Superettan(Kristallen-Schack 08)"]
[Site "?"]
[Date "2022.04.03"]
[Round "9"]
[White "Andersson, Goran L"]
[Black "Rosberg, Simon"]
[Result "1-0"]
[WhiteElo "2246"]
[BlackElo "2323"]
[PlyCount "50"]

1. d4 d5 2. Bf4 c5 3. e3 Nf6 4. Nf3 Nc6 5. Nbd2 Qb6 6. dxc5 Qxb2 7. Rb1 Qc3 8.
Bb5 Nd7 9. O-O a6 10. Rb3 Qa5 11. Bxc6 bxc6 12. e4 Nxc5 13. Re3 Bg4 14. exd5
cxd5 15. Rfe1 e6 16. h3 Bxf3 17. Qxf3 Qxa2 18. c4 Rd8 19. Ra3 Qc2 20. cxd5 Bd6
21. Rc3 Qa2 22. Bxd6 Rxd6 23. Rxc5 Qxd2 24. Rd1 Qg5 25. Rc8+ Rd8 1-0

[Event "Superettan(Kristallen-Schack 08)"]
[Site "?"]
[Date "2022.04.03"]
[Round "9"]
[White "Faldt, Magnus"]
[Black "Walinder, Lars"]
[Result "1/2-1/2"]
[WhiteElo "2159"]
[BlackElo "2263"]
[PlyCount "80"]

1. d4 Nf6 2. c4 e6 3. Nc3 d5 4. Nf3 Be7 5. Bg5 h6 6. Bh4 O-O 7. e3 b6 8. Bd3
Bb7 9. O-O Nbd7 10. Rc1 c5 11. Qe2 Ne4 12. Bxe7 Qxe7 13. cxd5 exd5 14. Ba6 Ndf6
15. dxc5 bxc5 16. Nxe4 Nxe4 17. Rfd1 Rfd8 18. Nd2 Bxa6 19. Qxa6 Nxd2 20. Rxd2
d4 21. exd4 cxd4 22. g3 Rd6 23. Rc8+ Rxc8 24. Qxc8+ Rd8 25. Qc2 d3 26. Qc3 Qe4
27. b4 Rd4 28. f3 Qe3+ 29. Kg2 g6 30. b5 h5 31. h4 Qe5 32. Kf2 Qd5 33. Qc6 Qd8
34. Qc3 Rd5 35. a4 Qb6+ 36. Kg2 Qe3 37. Qb4 Rd4 38. Qc3 Rd5 39. Qb4 Rd4 40. Qc3
Rd5 1/2-1/2

[Event "Superettan(Kristallen-Schack 08)"]
[Site "?"]
[Date "2022.04.03"]
[Round "9"]
[White "Ostling, Hakan"]
[Black "Nyander, Joakim"]
[Result "1/2-1/2"]
[WhiteElo "2143"]
[BlackElo "2243"]
[PlyCount "85"]

1. f4 c5 2. Nf3 Nf6 3. d3 e6 4. g3 b6 5. Bg2 Bb7 6. e4 Be7 7. O-O d6 8. Nc3
Nbd7 9. a4 a6 10. Qe2 Qc7 11. Bd2 O-O 12. h3 Bc6 13. g4 b5 14. axb5 axb5 15.
Rae1 b4 16. Nd1 c4 17. Nd4 cxd3 18. cxd3 Bb7 19. Ne3 Qb6 20. Nb3 Rfc8 21. g5
Ne8 22. Kh2 Ba6 23. Nc4 Qb8 24. Rc1 Nc5 25. Nxc5 dxc5 26. Kg1 Ra7 27. f5 e5 28.
f6 Bf8 29. h4 Rd8 30. Bh3 Bb5 31. fxg7 Nxg7 32. Qf3 Bxc4 33. Rxc4 Qd6 34. Be3
Qxd3 35. Rxb4 cxb4 36. Bxa7 Qxf3 37. Rxf3 Nh5 38. Bf1 Kg7 39. Bc4 Rd1+ 40. Rf1
Rxf1+ 41. Bxf1 f6 42. gxf6+ Kxf6 43. Be3 1/2-1/2

[Event "Superettan(Kristallen-Schack 08)"]
[Site "?"]
[Date "2022.04.03"]
[Round "9"]
[White "Sternlund, Hakan"]
[Black "Persson, Andreas"]
[Result "0-1"]
[WhiteElo "2133"]
[BlackElo "2117"]
[PlyCount "72"]

1. c4 c6 2. e4 d5 3. exd5 cxd5 4. cxd5 Nf6 5. Qa4+ Nbd7 6. Nc3 g6 7. g4 Bg7 8.
g5 Nh5 9. Nge2 O-O 10. d4 Nb6 11. Qb3 e6 12. Be3 exd5 13. Ng3 Bg4 14. Nxh5 Bxh5
15. Be2 Bxe2 16. Nxe2 Rc8 17. Rd1 Nc4 18. Bc1 Re8 19. Kf1 Qd7 20. Qd3 Re4 21.
b3 Nd6 22. Qf3 Qb5 23. Qd3 Qd7 24. Qf3 Nf5 25. Be3 Rc2 26. Nf4 Qb5+ 27. Kg1
Rxa2 28. h4 Qxb3 29. Ng2 Bxd4 30. Rc1 Rc2 31. Qd1 Nxe3 32. Nxe3 Rxc1 33. Qxc1
Bxe3 34. fxe3 Qxe3+ 35. Qxe3 Rxe3 36. Kf2 Re4 0-1

[Event "Superettan(Kristallen-Schack 08)"]
[Site "?"]
[Date "2022.04.03"]
[Round "9"]
[White "Naslund, Mikael"]
[Black "Wikstrom, Per"]
[Result "1/2-1/2"]
[WhiteElo "2146"]
[BlackElo "2151"]
[PlyCount "88"]

1. d4 d5 2. Bf4 e6 3. e3 Bd6 4. Bg3 Nf6 5. Nd2 O-O 6. Bd3 b6 7. c3 Bb7 8. Ngf3
Ne4 9. Qc2 f5 10. Ne5 Nd7 11. Ndf3 a6 12. Nxd7 Qxd7 13. Bxd6 cxd6 14. O-O Bc6
15. Nd2 Nxd2 16. Qxd2 Bb5 17. f3 Bxd3 18. Qxd3 b5 19. e4 g6 20. Rfe1 Rfe8 21.
Re2 Qc6 22. Rae1 dxe4 23. fxe4 d5 24. exf5 exf5 25. Re5 Rxe5 26. Rxe5 Re8 27.
Qg3 Rxe5 28. Qxe5 Kf7 29. h3 Qe6 30. Qc7+ Kg8 31. Kh2 h6 32. Qd8+ Kg7 33. Qc7+
Kg8 34. b3 g5 35. a4 bxa4 36. bxa4 f4 37. a5 Qe3 38. Qd8+ Kg7 39. Qd7+ Kg6 40.
Qxd5 Qg3+ 41. Kh1 Qe1+ 42. Kh2 Qg3+ 43. Kh1 Qe1+ 44. Kh2 Qg3+ 1/2-1/2

[Event "Superettan(Kristallen-Schack 08)"]
[Site "?"]
[Date "2022.04.03"]
[Round "9"]
[White "Stenman, Christoffer"]
[Black "Gamback, Bjorn"]
[Result "1-0"]
[WhiteElo "1966"]
[BlackElo "2092"]
[PlyCount "87"]

1. e4 c5 2. Nc3 Nc6 3. f4 e6 4. Nf3 d5 5. Bb5 d4 6. Ne2 Nf6 7. Bxc6+ bxc6 8. d3
Be7 9. O-O Ba6 10. b3 Qc7 11. Qe1 Nd7 12. Bd2 h5 13. Ng5 h4 14. Rf3 Bxg5 15.
fxg5 Ne5 16. Rf1 Ng4 17. Nf4 Bc8 18. h3 Ne5 19. Qe2 Qe7 20. Rf2 Bd7 21. a4
O-O-O 22. a5 Rdf8 23. a6 f6 24. g6 Be8 25. Ra5 Nxg6 26. Nxg6 Bxg6 27. Qe1 Rh5
28. b4 Kd7 29. bxc5 Rb8 30. Qa1 e5 31. c3 dxc3 32. Qxc3 Bf7 33. Ra3 Kc8 34. Be3
Rh8 35. Rb2 Rd8 36. Ra4 Rd7 37. Rab4 Rxb4 38. Qxb4 Rc7 39. Qb8+ Kd7 40. Rb7 Qd8
41. Qxa7 Qc8 42. Bd2 Rxb7 43. axb7 Qc7 44. b8=Q 1-0

[Event "Superettan(Kristallen-Schack 08)"]
[Site "?"]
[Date "2022.04.03"]
[Round "9"]
[White "Lindfors, Tom"]
[Black "Larsson, Roger"]
[Result "0-1"]
[WhiteElo "2091"]
[BlackElo "1959"]
[PlyCount "114"]

1. d4 Nf6 2. Bf4 d5 3. Nf3 c6 4. Nbd2 Bf5 5. e3 e6 6. Nh4 Bg6 7. Nxg6 hxg6 8.
c4 Bd6 9. Bxd6 Qxd6 10. Qb3 Qc7 11. Be2 Nbd7 12. h3 O-O 13. O-O Rfe8 14. Rac1
Rac8 15. Bf3 Qb6 16. Rc3 Qxb3 17. Rxb3 b6 18. Rc3 c5 19. Rfc1 Red8 20. dxc5
bxc5 21. Nb3 Nb6 22. cxd5 c4 23. Nd4 exd5 24. b3 cxb3 25. axb3 Rxc3 26. Rxc3
Rc8 27. Rc6 Kf8 28. Be2 Ne8 29. Ba6 Rc7 30. Bb5 Nc8 31. g4 Rxc6 32. Nxc6 Nc7
33. Bd3 Ke8 34. f4 Kd7 35. Ne5+ Ke6 36. g5 Ne7 37. Be2 f6 38. Nf3 Nf5 39. Kf2
Ne8 40. Bd3 Ned6 41. Bxf5+ Nxf5 42. Ke2 Kd6 43. Kd3 Kc5 44. Nd4 Nxd4 45. exd4+
Kb4 46. Kc2 fxg5 47. fxg5 a5 48. Kb2 a4 49. bxa4 Kxa4 50. Kc3 Ka3 51. h4 Ka4
52. Kd3 Kb3 53. Ke3 Kc3 54. Kf4 Kxd4 55. Kg4 Ke4 56. h5 gxh5+ 57. Kxh5 Kf5 0-1

[Event "Superettan(VasterasII-Rockaden,SthlmII)"]
[Site "?"]
[Date "2022.04.02"]
[Round "3"]
[White "Svorono, Gabriel"]
[Black "Kretz, Johan"]
[Result "1-0"]
[WhiteElo "2073"]
[BlackElo "2221"]
[PlyCount "105"]

1. d4 Nf6 2. c4 e6 3. g3 Bb4+ 4. Nd2 d5 5. Bg2 O-O 6. Ngf3 Re8 7. O-O b6 8.
cxd5 exd5 9. Ne5 Bb7 10. Qc2 c5 11. a3 Bxd2 12. Bxd2 Qe7 13. Rfe1 Ne4 14. Qd1
Na6 15. Bf4 g5 16. Be3 f6 17. Nf3 Nc7 18. dxc5 bxc5 19. b4 d4 20. Bd2 Rad8 21.
bxc5 Qxc5 22. Rc1 Qb6 23. Rb1 Qa6 24. Rb4 Ne6 25. Bh3 N4c5 26. Bf5 Qc6 27. Qb1
Re7 28. Rc1 Qd5 29. Rb5 d3 30. e4 Qd6 31. Bb4 d2 32. Nxd2 Nd4 33. Bxc5 Ne2+ 34.
Kf1 Qxd2 35. Be3 Qd6 36. Kxe2 Ba6 37. Kf3 Bxb5 38. Qxb5 Re5 39. Qa4 Rde8 40.
Rd1 Qb8 41. Qxa7 Qxa7 42. Bxa7 Ra5 43. Rd7 Rxa3+ 44. Kg2 h6 45. Bd4 Ra6 46.
Bh7+ Kh8 47. Bg6 Ree6 48. Kf3 Red6 49. Rh7+ Kg8 50. Be3 Rd1 51. Bf5 Rdd6 52.
Rxh6 Ra5 53. Bxg5 1-0

[Event "Superettan(Upsala-SS 4 Springare)"]
[Site "?"]
[Date "2022.04.02"]
[Round "3"]
[White "Mattsson, Michael"]
[Black "Marttala, Thomas"]
[Result "1/2-1/2"]
[WhiteElo "2059"]
[BlackElo "2199"]
[PlyCount "67"]
[EventDate "2022.??.??"]

1. e4 c5 2. Nf3 e6 3. b3 Nc6 4. Bb2 d6 5. c4 e5 6. Nc3 Nf6 7. Bd3 g6 8. O-O Bg7
9. Ne1 O-O 10. Nc2 Nh5 11. Nd5 Qg5 12. Kh1 f5 13. g3 f4 14. Be2 fxg3 15. fxg3
Bh3 16. Rg1 Rf2 17. Qe1 Raf8 18. d3 Rxe2 19. Qxe2 Bg4 20. Qe3 Bf3+ 21. Rg2 Qg4
22. Kg1 Bxg2 23. Kxg2 Bh6 24. h3 Bxe3 25. hxg4 Rf2+ 26. Kh3 Rxc2 27. Nxe3 Rxb2
28. gxh5 Kg7 29. hxg6 hxg6 30. Kg4 Rf2 31. Nd5 Nd4 32. Nc7 Rf8 33. a3 Rc8 34.
Nb5 1/2-1/2

[Event "Superettan(VasterasII-Rockaden,SthlmII)"]
[Site "?"]
[Date "2022.04.02"]
[Round "3"]
[White "Landgren, Andreas"]
[Black "Nikolic, Vladan"]
[Result "1/2-1/2"]
[WhiteElo "2195"]
[BlackElo "2205"]
[PlyCount "61"]

1. d4 Nf6 2. c4 e6 3. Nc3 Bb4 4. Qc2 O-O 5. a3 Bxc3+ 6. Qxc3 d5 7. Nf3 dxc4 8.
Qxc4 b6 9. g3 Ba6 10. Qc2 Bb7 11. Bg2 Be4 12. Qd2 Qd5 13. Qg5 Nc6 14. Qxd5 Nxd5
15. Be3 Nxe3 16. fxe3 Na5 17. Rc1 c5 18. O-O c4 19. Nd2 Bxg2 20. Kxg2 b5 21.
Rc3 Rfd8 22. Nf3 f6 23. e4 Nb3 24. e3 Rac8 25. Rf2 a6 26. e5 f5 27. Rfc2 Na1
28. Rc1 Nb3 29. R1c2 Na1 30. Rc1 Nb3 31. R1c2 1/2-1/2

[Event "Superettan(Upsala-SS 4 Springare)"]
[Site "?"]
[Date "2022.04.02"]
[Round "3"]
[White "Malm Lindberg, Henrik"]
[Black "Horta, Hector"]
[Result "0-1"]
[WhiteElo "2194"]
[BlackElo "1901"]
[PlyCount "104"]
[EventDate "2022.??.??"]

1. e4 g6 2. d4 Bg7 3. Nc3 c5 4. dxc5 Bxc3+ 5. bxc3 Qa5 6. Bd2 Qxc5 7. Nf3 Nf6
8. Bd3 d6 9. O-O Nc6 10. Rb1 a6 11. Bh6 Qxc3 12. Rb3 Qa5 13. Bg7 Rg8 14. Bxf6
exf6 15. Nd2 b5 16. a4 Qxa4 17. Qf3 Nd4 18. Qxf6 Nxb3 19. Nxb3 Qb4 20. e5 Be6
21. exd6 Qxd6 22. Re1 Rd8 23. h3 Rd7 24. Re5 Qe7 25. Qf3 f6 26. Re3 Kf7 27. Be4
Rgd8 28. g3 Qb4 29. Qf4 Qd6 30. Qh6 Qd1+ 31. Kg2 Qh5 32. Qxh5 gxh5 33. Nc5 Rd6
34. Nb7 Bd5 35. Nxd6+ Rxd6 36. Bxd5+ Rxd5 37. Ra3 Rd6 38. Kf3 Re6 39. Rd3 Ke7
40. Rd4 a5 41. Rh4 Re5 42. g4 Rc5 43. gxh5 Rxc2 44. Rg4 b4 45. Rg7+ Kf8 46.
Rxh7 b3 47. Rb7 b2 48. h6 Kg8 49. Kg4 Rc4+ 50. Kh5 Rb4 51. h7+ Kh8 52. Rc7 Rb8
0-1

[Event "Superettan(VasterasII-Rockaden,SthlmII)"]
[Site "?"]
[Date "2022.04.02"]
[Round "3"]
[White "Narva, David"]
[Black "Backman, Andreas"]
[Result "1-0"]
[WhiteElo "2054"]
[BlackElo "2118"]
[PlyCount "59"]

1. e4 g6 2. d4 Bg7 3. Nc3 d6 4. h3 a6 5. a4 b6 6. g4 Bb7 7. Bg2 Nd7 8. Nge2 e5
9. Be3 Ne7 10. Ng3 Nc6 11. d5 Ne7 12. Qd2 h6 13. O-O h5 14. gxh5 gxh5 15. Bg5
f6 16. Bh4 Ng6 17. Nf5 Bf8 18. Bg3 Ne7 19. Nh4 c5 20. dxc6 Nxc6 21. Nf5 h4 22.
Bh2 Nc5 23. Rad1 Rg8 24. Qe2 Rg5 25. f4 Rg8 26. Qh5+ Kd7 27. Qh7+ Be7 28. Rxd6+
Kc7 29. Nd5+ Kb8 30. Rxd8+ 1-0

[Event "Superettan(Upsala-SS 4 Springare)"]
[Site "?"]
[Date "2022.04.02"]
[Round "3"]
[White "Religa, Marek"]
[Black "Kashebayev, Azamat"]
[Result "0-1"]
[WhiteElo "1658"]
[BlackElo "2180"]
[PlyCount "130"]
[EventDate "2022.??.??"]

1. e4 e6 2. Nf3 d5 3. Nc3 c5 4. exd5 exd5 5. Bb5+ Bd7 6. Qe2+ Ne7 7. Nxd5 Nbc6
8. O-O a6 9. Bxc6 Bxc6 10. Nxe7 Bxe7 11. Re1 Kf8 12. d3 Bf6 13. Ne5 Bd5 14. c4
Be6 15. Qe4 Qb6 16. b3 Re8 17. Bb2 h5 18. d4 cxd4 19. Bxd4 Qc7 20. Rad1 Rh6 21.
f4 Qc8 22. Nf3 Bd7 23. Qd5 Bc6 24. Qc5+ Be7 25. Rxe7 Rxe7 26. Bxg7+ Kxg7 27.
Qxe7 Bxf3 28. Rd7 Qg8 29. gxf3 Re6 30. Qd8 Qh7 31. Kf2 Qc2+ 32. Rd2 Qc1 33.
Qd4+ Kg8 34. Re2 Qh1 35. Rxe6 Qxh2+ 36. Kf1 Qh3+ 37. Ke2 fxe6 38. Qd8+ Kf7 39.
Qd7+ Kf6 40. Qd4+ Kf7 41. Ke3 Qh1 42. Qd7+ Kf6 43. Qxb7 Qe1+ 44. Kd3 Qd1+ 45.
Kc3 h4 46. Qa8 Qc1+ 47. Kb4 Qd2+ 48. Kc5 Ke7 49. Qb8 h3 50. f5 Qa5+ 51. Kc6
Qxf5 52. Qg3 e5 53. Kb7 Kf8 54. c5 Qh7+ 55. Kb8 Qh8 56. Qh2 Ke7+ 57. Kb7 Qh5
58. Qh1 Qh7 59. Qh2 Kd8+ 60. Kb6 Qc7+ 61. Kxa6 Qc6+ 62. Ka5 Qxc5+ 63. Ka4 Qc6+
64. Ka3 Qc1+ 65. Ka4 Qf4+ 0-1

[Event "Superettan(VasterasII-Rockaden,SthlmII)"]
[Site "?"]
[Date "2022.04.02"]
[Round "3"]
[White "Janse, Love"]
[Black "Ornmarker, Lennart"]
[Result "1-0"]
[WhiteElo "2199"]
[BlackElo "2002"]
[PlyCount "64"]

1. e4 Nf6 2. Nc3 d5 3. e5 d4 4. Nce2 Ng4 5. f4 c5 6. Nf3 Nc6 7. h3 Nh6 8. g4 d3
9. cxd3 Nb4 10. Nc3 Nxd3+ 11. Bxd3 Qxd3 12. Qe2 Qxe2+ 13. Kxe2 Bd7 14. d3 e6
15. Be3 Bc6 16. Ne4 b6 17. Nfd2 O-O-O 18. Rhc1 Kb7 19. Nc4 Bxe4 20. dxe4 f6 21.
Rd1 Nf7 22. Rxd8 Nxd8 23. Rd1 Kc7 24. f5 fxe5 25. Nxe5 Bd6 26. Nc4 Be7 27. Bf4+
Kc8 28. Ke3 Nc6 29. Nd6+ Bxd6 30. Rxd6 Nd8 31. Be5 exf5 32. gxf5 Nf7 1-0

[Event "Superettan(Upsala-SS 4 Springare)"]
[Site "?"]
[Date "2022.04.02"]
[Round "3"]
[White "Svensson, Mans"]
[Black "Iminov, Bachtiar"]
[Result "1/2-1/2"]
[WhiteElo "2135"]
[BlackElo "1846"]
[PlyCount "106"]
[EventDate "2022.??.??"]

1. d4 Nf6 2. c4 g6 3. f3 Bg7 4. e4 d6 5. Nc3 Nbd7 6. Bg5 h6 7. Be3 e5 8. d5 a5
9. Nh3 Nc5 10. Nf2 Nh5 11. Qd2 f5 12. exf5 gxf5 13. O-O-O b6 14. g3 Bd7 15. Be2
Nf6 16. g4 Qe7 17. h3 O-O-O 18. Qc2 Rdf8 19. Rhe1 Ne8 20. Kb1 Bf6 21. Qd2 Bg5
22. Nd3 Nxd3 23. Qxd3 Bxe3 24. Qxe3 fxg4 25. fxg4 Rf4 26. Rf1 Rhf8 27. Rxf4
Rxf4 28. Rf1 Rxf1+ 29. Bxf1 Qh4 30. Ne4 Nf6 31. Qg3 Qxg3 32. Nxg3 Kd8 33. Bd3
Ke7 34. Bf5 Be8 35. Kc2 Kf8 36. Kd2 Kg7 37. Ke3 Bg6 38. Kf3 Bxf5 39. Nxf5+ Kg6
40. Nh4+ Kg5 41. Ng2 Nd7 42. h4+ Kg6 43. b3 Nc5 44. Ke3 Na6 45. Kd2 Nb4 46. a3
Na6 47. Ne3 Nc5 48. Kc2 Ne4 49. b4 axb4 50. axb4 Ng3 51. Kd3 h5 52. g5 Nf5 53.
Nxf5 Kxf5 1/2-1/2

[Event "Superettan(Orgryte-Helsingborg)"]
[Site "?"]
[Date "2022.04.02"]
[Round "3"]
[White "Sylvan, Jacob"]
[Black "Frisk Kockum, Anton"]
[Result "1-0"]
[WhiteElo "2312"]
[BlackElo "2341"]
[PlyCount "77"]
[SourceDate "2022.04.08"]

1. e4 e6 2. d4 d5 3. Nc3 Bb4 4. e5 Qd7 5. Qg4 f5 6. Qh5+ Qf7 7. Qf3 Ne7 8. a3
Ba5 9. b4 Bb6 10. Qd3 a5 11. Na4 Ba7 12. Nf3 O-O 13. b5 h6 14. Qc3 Nd7 15. Qxc7
Ng6 16. Qc3 b6 17. h4 Bb7 18. h5 Nh8 19. Bf4 Rac8 20. Qd2 Rc4 21. Nb2 Rfc8 22.
Nxc4 dxc4 23. c3 Qe8 24. Bxh6 gxh6 25. Qxh6 Nf7 26. Qg6+ Kf8 27. h6 Ke7 28. Ng5
Bd5 29. h7 Nh8 30. Qg7+ Kd8 31. Be2 Kc7 32. Bf3 Bxf3 33. gxf3 Kb8 34. Rh6 Qf8
35. Nxe6 Qxg7 36. Nxg7 Nf8 37. O-O-O Rc7 38. Nxf5 Rf7 39. e6 1-0

[Event "Superettan(Farsta-Schack 08)"]
[Site "?"]
[Date "2022.04.02"]
[Round "3"]
[White "Karlsson, Tomas"]
[Black "Livner, Anders"]
[Result "0-1"]
[WhiteElo "2314"]
[BlackElo "2379"]
[PlyCount "84"]

1. e4 c6 2. d4 d5 3. e5 Bf5 4. Nf3 e6 5. Be2 Nd7 6. O-O Bg6 7. Nbd2 Nh6 8. Nb3
Nf5 9. Bd2 Be7 10. Rc1 O-O 11. c4 dxc4 12. Na5 Nb6 13. Nxb7 Qc7 14. Na5 Rad8
15. Nxc4 Nxd4 16. Nxd4 Rxd4 17. Qe1 Nxc4 18. Bxc4 Re4 19. Be3 Qxe5 20. Be2 Qxb2
21. Rxc6 Ra4 22. Rc7 Bb4 23. Qd1 Rxa2 24. Bc4 Ra5 25. Rxa7 Rxa7 26. Bxa7 h6 27.
Bd4 Bc3 28. Bxc3 Qxc3 29. Qb3 Qxb3 30. Bxb3 Rb8 31. Bc4 Rb4 32. Be2 Bf5 33. h3
g5 34. Ra1 Bg6 35. g3 Kg7 36. Bf3 h5 37. Ra5 Kf6 38. Kg2 h4 39. Rc5 Bf5 40. Ra5
Rd4 41. Rb5 hxg3 42. fxg3 Rd2+ 0-1

[Event "Superettan(Orgryte-Helsingborg)"]
[Site "?"]
[Date "2022.04.02"]
[Round "3"]
[White "Torngren, Gustav"]
[Black "Nilsson Hask, Patrik"]
[Result "1/2-1/2"]
[WhiteElo "2245"]
[BlackElo "2199"]
[PlyCount "62"]
[EventDate "2022.??.??"]

1. Nf3 f5 2. d4 Nf6 3. g3 g6 4. Bg2 Bg7 5. O-O O-O 6. Nbd2 Nc6 7. Re1 d6 8. e4
fxe4 9. Nxe4 Nxe4 10. Rxe4 Bf5 11. Re1 e5 12. dxe5 dxe5 13. Qe2 Qd7 14. Qc4+
Be6 15. Qa4 Rxf3 16. Bxf3 Nd4 17. Qa3 Nxc2 18. Qa5 Nxe1 19. Qxe1 Bd5 20. Bxd5+
Qxd5 21. Be3 Rd8 22. Rc1 Rd7 23. b3 e4 24. Qe2 a6 25. Kg2 b5 26. Rc5 Qf7 27.
Qg4 Re7 28. Qc8+ Bf8 29. Rc6 Qf3+ 30. Kg1 Qd1+ 31. Kg2 Qf3+ 1/2-1/2

[Event "Superettan(Farsta-Schack 08)"]
[Site "?"]
[Date "2022.04.02"]
[Round "3"]
[White "Hjelm, Niclas"]
[Black "Laveryd, Peter"]
[Result "1-0"]
[WhiteElo "2266"]
[BlackElo "2360"]
[PlyCount "69"]

1. d4 Nf6 2. c4 c5 3. d5 a6 4. Nf3 b5 5. Qc2 g6 6. e4 d6 7. cxb5 Bg7 8. Nc3 O-O
9. Bg5 h6 10. Bh4 e6 11. dxe6 Bxe6 12. Be2 axb5 13. Bxb5 g5 14. Bg3 d5 15. exd5
Nxd5 16. O-O Nxc3 17. bxc3 Qa5 18. a4 Qxc3 19. Qxc3 Bxc3 20. Rac1 Bb4 21. Bd6
Rc8 22. Ne5 Ba3 23. Rc2 Bb4 24. Nd3 Bb3 25. Nxb4 Bxc2 26. Nxc2 c4 27. Ne3 c3
28. Rc1 Nc6 29. Nf5 Kh7 30. Rxc3 Na7 31. Rxc8 Rxc8 32. g4 Nxb5 33. axb5 Rc1+
34. Kg2 Rb1 35. Nd4 1-0